Catalog

Record Details

Catalog Search



Eloise and the grump next door / Emma St. Clair, ... Read More

St. Clair, Emma,(author.).
Proctor, Jenny,(author.).

Available copies

  • 0 of 1 copy available at LARL/NWRL Consortium.
  • 0 of 1 copy available at Northwest Regional Library. (Show preferred library)

Current holds

0 current holds with 1 total copy.

Show Only Available Copies
Location Call Number / Copy Notes Barcode Shelving Location Status Due Date
Thief River Falls Public Library STC (Text) 35500006844854 Main Checked out 06/02/2026

Record details

  • ISBN: 9798846861688
  • Physical Description: 324 pages ; 22 cm
  • Publisher: [Place of publication not identified] : Emma St. Clair and Jenny Proctor, [2022]

Content descriptions

General Note:
"A sweet romantic comedy" -- cover
Series information from Amazon.com
Summary, etc.:
After graduation, I thought I'd be off to grad ... Read More
Subject: Man-woman relationships > Fiction.
Inheritance and succession > Fiction.
Buildings > Repair and reconstruction > Fiction.
Buildings > Repair and reconstruction
Inheritance and succession
Man-woman relationships
Genre: Fiction
Humorous fiction
Romance fiction
Love stories.
Romance fiction.
Humorous fiction.
LDR 02572cam a2200457 i 4500
001454884
003LARL_NWRL_CONSORTIUM
00520250124112318.0
008221013t20222022xx e 000 1 eng d
040 . ‡aUUC ‡beng ‡erda ‡cUUC ‡dOCLCF ‡dINO ‡dOCLCO ‡dOCLCQ
020 . ‡a9798846861688 ‡q(paperback)
035 . ‡a(OCoLC)1347381040
1001 . ‡aSt. Clair, Emma, ‡eauthor.
24510. ‡aEloise and the grump next door / ‡cEmma St. Clair, Jenny Proctor
264 1. ‡a[Place of publication not identified] : ‡bEmma St. Clair and Jenny Proctor, ‡c[2022]
264 4. ‡c©2022
300 . ‡a324 pages ; ‡c22 cm
336 . ‡atext ‡btxt ‡2rdacontent
337 . ‡aunmediated ‡bn ‡2rdamedia
338 . ‡avolume ‡bnc ‡2rdacarrier
4900 . ‡aOakley Island ; ‡v1
500 . ‡a"A sweet romantic comedy" -- cover
500 . ‡aSeries information from Amazon.com
520 . ‡aAfter graduation, I thought I'd be off to grad school, doing research on my favorite poet. Instead, I'm renovating my late grandmother's home and posting about the process on Instagram. Talk about a detour ... But here I am. Turning Gran's beach house into a bed and breakfast--a process that would be a lot easier if I didn't have to deal with the grumpy lawyer living next door. It doesn't help that the night Jake and I met, I got a little tipsy, and he had to carry me back to my hotel. But the longer I stay on Oakley Island, the more I feel a connection to my childhood and to my grandmother. This isn't the life I dreamed of, but dreams can change. Especially when new dreams include a future with Jake. On the outside, he might be pricklier than a puffer fish, but I catch glimpses of a delicious, cinnamon roll center. Did I mention the tattoos he hides underneath those crisp button-down shirts? Yowza.
650 0. ‡aMan-woman relationships ‡vFiction. ‡0(LARL_NWRL_CONSORTIUM)165985
650 0. ‡aInheritance and succession ‡vFiction. ‡0(LARL_NWRL_CONSORTIUM)165197
650 0. ‡aBuildings ‡xRepair and reconstruction ‡vFiction.
650 7. ‡aBuildings ‡xRepair and reconstruction ‡2fast ‡0(LARL_NWRL_CONSORTIUM)15525
650 7. ‡aInheritance and succession ‡2fast ‡0(LARL_NWRL_CONSORTIUM)23171
650 7. ‡aMan-woman relationships ‡2fast ‡0(LARL_NWRL_CONSORTIUM)38460
655 7. ‡aFiction ‡2fast
655 7. ‡aHumorous fiction ‡2fast
655 7. ‡aRomance fiction ‡2fast
655 7. ‡aLove stories. ‡2gsafd
655 7. ‡aRomance fiction. ‡2lcgft
655 7. ‡aHumorous fiction. ‡2lcgft
7001 . ‡aProctor, Jenny, ‡eauthor.
901 . ‡a454884 ‡bAUTOGEN ‡c454884 ‡tbiblio

Additional Resources